| 000 | 00811nam0a22002531 4500 | ||
|---|---|---|---|
| 001 | rc\3241499 | ||
| 005 | 20250609170408.0 | ||
| 021 |
_aRU _bРг1164-70 |
||
| 021 |
_aRU _b69-82987 |
||
| 035 | _a(NLR Aleph) 007375909 | ||
| 090 |
_a6455769 _c6455769 |
||
| 100 | _a20130115d1969 |||y0rusy50 ca | ||
| 101 | 0 | _arus | |
| 102 | _aRU | ||
| 105 | _ay z ||||| | ||
| 200 | 1 |
_aАнтикоммунизм - идейно-политическое оружие империализма ФРГ _fКазан. высш. командно-инж. училище |
|
| 210 |
_aКазань _cБ. и. _d1969 |
||
| 215 |
_a179 с. _d22 |
||
| 700 | 1 |
_aХватков _bГ.Н. _gГеннадий Николаевич |
|
| 801 | 0 |
_aRU _bNLR _gpsbo |
|
| 801 | 1 |
_aRU _bELAR _2rusmarc |
|
| 852 |
_aNLR _j69-5/5912 |
||
| 942 | _cBOOK | ||
| 980 | _aNB | ||